[Event "GER-ch Net final U14"]
[Site "Playchess.com INT"]
[Date "2012.09.15"]
[Round "8"]
[White "Perschke, Thore"]
[Black "Bauer, Bjoern Benny"]
[Result "0-1"]
[WhiteElo "1837"]
[BlackElo "1873"]
[PlyCount "76"]
[EventDate "2012.09.15"]
[EventType "swiss (blitz)"]
[EventRounds "9"]
[EventCountry "GER"]
[SourceTitle "CBM 150 Extra"]
[Source "ChessBase"]
[SourceDate "2012.10.19"]
[SourceVersion "1"]
[SourceVersionDate "2012.10.19"]
[SourceQuality "1"]

1. e4 c5 2. Nf3 Nc6 3. d4 cxd4 4. Nxd4 Nf6 5. Nc3 e5 6. Ndb5 d6 7. Bg5 a6 8. Na3 b5 9. Nd5 Be7 10. Bxf6 Bxf6 11. c3 Ne7 12. Nxf6+ gxf6 13. Bd3 f5 14. exf5 d5 15. Nc2 Bxf5 16. a4 Bxd3 17. Qxd3 0-0 18. 0-0 Qb6 19. axb5 axb5 20. Nb4 Qc5 21. Qg3+ Ng6 22. Nd3 Qd6 23. h4 h5 24. Rxa8 Rxa8 25. Re1 Re8 26. Qg5 e4 27. Nb4 Re5 28. Qg3 Qf6 29. Rd1 Qe6 30. Nc2 Kh7 31. Nd4 Qf6 32. Nxb5 Nxh4 33. Qe3 Rg5 34. g3 Nf3+ 35. Kg2 Nh4+ 36. Kf1 Nf5 37. Qf4 Rg4 38. Qe3 Nxe3+ 0-1

[Event "GER-ch Net qual1 U14"]
[Site "Playchess.com INT"]
[Date "2012.09.01"]
[Round "7"]
[White "Fluechter, Gregor"]
[Black "Perschke, Thore"]
[Result "1-0"]
[WhiteElo "1727"]
[BlackElo "1832"]
[PlyCount "61"]
[EventDate "2012.09.01"]
[EventType "swiss (blitz)"]
[EventRounds "7"]
[EventCountry "GER"]
[SourceTitle "CBM 150 Extra"]
[Source "ChessBase"]
[SourceDate "2012.10.19"]
[SourceVersion "1"]
[SourceVersionDate "2012.10.19"]
[SourceQuality "1"]

1. e4 e6 2. d4 d5 3. exd5 exd5 4. Nf3 Bd6 5. c4 c6 6. Nc3 Ne7 7. Bg5 f6 8. Be3 0-0 9. Bd3 Nd7 10. 0-0 dxc4 11. Bxc4+ Kh8 12. Bb3 Nb6 13. Nd2 Nbd5 14. Nde4 Bc7 15. Qh5 Bf5 16. Nxd5 cxd5 17. Nc3 Bg6 18. Qf3 Qd6 19. g3 Rad8 20. Bf4 Qd7 21. Bxc7 Qxc7 22. Rac1 Qd7 23. Rfe1 Rfe8 24. Ba4 Qd6 25. Bxe8 Bxe8 26. Qe3 Rd7 27. Nb5 Qb6 28. Rc8 Qxb5 29. Rxe8+ Ng8 30. Rxg8+ Kxg8 31. Qe8# 1-0

[Event "GER-ch Net qual1 U14"]
[Site "Playchess.com INT"]
[Date "2012.09.01"]
[Round "3"]
[White "Perschke, Thore"]
[Black "Donchenko, Alexander"]
[Result "1-0"]
[WhiteElo "1832"]
[BlackElo "2423"]
[PlyCount "85"]
[EventDate "2012.09.01"]
[EventType "swiss (blitz)"]
[EventRounds "7"]
[EventCountry "GER"]
[SourceTitle "CBM 150 Extra"]
[Source "ChessBase"]
[SourceDate "2012.10.19"]
[SourceVersion "1"]
[SourceVersionDate "2012.10.19"]
[SourceQuality "1"]

1. e4 c5 2. Nf3 d6 3. d4 cxd4 4. Nxd4 Nf6 5. Nc3 a6 6. Be3 e5 7. Nb3 Be6 8. f3 Be7 9. Qd2 0-0 10. 0-0-0 a5 11. Kb1 a4 12. Nc1 a3 13. b3 Nc6 14. Nd5 Bxd5 15. exd5 Nb8 16. c4 Nbd7 17. Ne2 Qb8 18. Nc3 Rc8 19. Bd3 Ne8 20. Rc1 Nc7 21. h4 Na6 22. Bf5 Rd8 23. h5 Nc7 24. Qd3 Nf8 25. g4 b5 26. Nxb5 Nxb5 27. cxb5 Ra5 28. b6 Qa8 29. Rc6 Rb8 30. Rhc1 g6 31. hxg6 hxg6 32. Be4 Kg7 33. g5 Nd7 34. f4 exf4 35. Qc3+ Ne5 36. Bxf4 Kg8 37. Bxe5 dxe5 38. Qxe5 Re8 39. Rh1 f6 40. Qe6+ Kg7 41. gxf6+ Bxf6 42. Qxf6+ Kg8 43. Rh8# 1-0